Southville International School and Colleges
Your cart is empty.
  • Cart
  • Lists
    Public lists Eva Luna New books Lux_list list_1
    Your lists Log in to create your own lists
  • Log in to your account
  • Your cookies
  • Search history
Southville International School and Colleges
  • Advanced search
  • Recent comments
  • Most popular
  • Libraries

Log in to your account

Log in with GOOGLE


If you do not have an external account, but do have a local account, you can still log in:

  1. Home
  2. MARC view: Edexcel IGCSE mathematics A :
Normal view MARC view ISBD view

Edexcel IGCSE mathematics A : (Record no. 6973)

[ view plain ]
MARC details
000 -LEADER
fixed length control field 00574nam a22002057a 4500
003 - CONTROL NUMBER IDENTIFIER
control field OSt
005 - DATE AND TIME OF LATEST TRANSACTION
control field 20150907134316.0
008 - FIXED-LENGTH DATA ELEMENTS--GENERAL INFORMATION
fixed length control field 130718t xxu||||| |||| 00| 0 eng d
020 ## - INTERNATIONAL STANDARD BOOK NUMBER
International Standard Book Number 9780435044169
050 ## - LIBRARY OF CONGRESS CALL NUMBER
Classification number QA 11
Item number .T944 2010
082 ## - DEWEY DECIMAL CLASSIFICATION NUMBER
Classification number TR 510
Item number T85a 2010
100 ## - MAIN ENTRY--PERSONAL NAME
Personal name Turner, D A
9 (RLIN) 1559
245 ## - TITLE STATEMENT
Title Edexcel IGCSE mathematics A :
Remainder of title practice book 1 /
Statement of responsibility, etc D.A. Turner.
260 ## - PUBLICATION, DISTRIBUTION, ETC. (IMPRINT)
Place of publication, distribution, etc England :
Name of publisher, distributor, etc Pearson,
Date of publication, distribution, etc 2010.
300 ## - PHYSICAL DESCRIPTION
Extent iv, 75 pages :
Other physical details illustrations ;
Dimensions 25 cm.
562 ## - COPY AND VERSION IDENTIFICATION NOTE
Number of copies 1
650 ## - SUBJECT ADDED ENTRY--TOPICAL TERM
Topical term or geographic name as entry element Mathematics.
9 (RLIN) 210
942 ## - ADDED ENTRY ELEMENTS (KOHA)
Source of classification or shelving scheme Library of Congress Classification
Koha item type Books
Call number prefix Foreign
Holdings
Withdrawn status Lost status Source of classification or shelving scheme Damaged status Home library Current library Shelving location Date acquired Total Checkouts Total Renewals Full call number Barcode Date last seen Date checked out Copy number Price effective from Koha item type Source of acquisition Sub Shelving location
    Library of Congress Classification   College Library College Library General Circulation Section 09/07/2015     QA 11 .T944 2010 C19949 05/15/2018     09/07/2015 Books Donation  
    Library of Congress Classification   Luxembourg Library Luxembourg Library Teachers Reference Section 07/18/2013 1 2 QA 36.5 .T944 2010 19154 01/12/2015 06/02/2014 1 07/18/2013 Books    

Edexcel IGCSE mathematics A :

APA

Turner D. A., . (2010). Edexcel IGCSE mathematics A. England: Pearson.

Chicago

Turner D A, . 2010. Edexcel IGCSE mathematics A. England: Pearson.

Harvard

Turner D. A., . (2010). Edexcel IGCSE mathematics A. England: Pearson.

MLA

Turner D A, . Edexcel IGCSE mathematics A. England: Pearson. 2010.

  • Place hold
  • Print
  • Cite
  • Add to your cart (remove)
  • Save record
    BIBTEX Dublin Core MARCXML MARC (non-Unicode/MARC-8) MARC (Unicode/UTF-8) MARC (Unicode/UTF-8, Standard) MODS (XML) RIS
  • More searches
    Search for this title in:
    Other Libraries (WorldCat) Other Databases (Google Scholar) Online Stores (Bookfinder.com) Open Library (openlibrary.org)

Exporting to Dublin Core...

SOUTHVILLE LIBRARY

Southville International School and Colleges Library

1281 Tropical Ave. Cor. Luxembourg St., BF Homes International, Las Pinas City

Tel. No. 8256374 / 252358 Loc. 117/146

Powered by Koha